First course in group theory

Uloženo v:
Podrobná bibliografie
Hlavní autoři: Bhattacharya, P. B (Autor), Jain, S. K (Autor)
Médium: Kniha
Jazyk:angličtina
Vydáno: Nueva Delhi Wiley Eastern 1972
Témata:
Tagy: Přidat tag
Žádné tagy, Buďte první, kdo vytvoří štítek k tomuto záznamu!

MARC

LEADER 00000nam a2200000 a 4500
001 UCQ8965
003 CL-VaPUC
008 981217e19720000II |||||||||||||||||eng|d
082 0 4 |a 512.2  |b BHA  |2 21 
100 0 |a Bhattacharya, P. B  |e author  |9 423306 
700 |a Jain, S. K  |e author  |9 423307 
245 1 0 |a First course in group theory 
300 |a 97 p 
942 |c BK 
945 |d 19981217 00:00:00  |a crobeson 
260 |a Nueva Delhi  |b Wiley Eastern  |c 1972 
650 0 |a Teoría de grupos   |9 270028 
650 0 |a Grupos finitos  |9 270201 
650 7 |a HOMOMORFISMO  |2 CL-VaPUC  |9 423308 
650 7 |a ISOMORFISMO  |2 CL-VaPUC  |9 417405 
650 0 |a Automorfismo  |9 427838 
650 0 |a Teoría de conjuntos   |9 265668 
583 |a last modification  |c 19981217 00:00:00  |k Rodrigo Vera 
999 |c 278129  |d 278127